El sí natural (Registro nro. 156186)

Detalles MARC
000 -LEADER
campo de control de longitud fija 00851nam a22002055i 4500
001 - NÚMERO DE CONTROL
campo de control 156186
003 - IDENTIFICADOR DE NÚMERO DE CONTROL
campo de control ES-MaACL
005 - FECHA Y HORA DE LA ÚLTIMA TRANSACCIÓN
campo de control 20250713080255.0
008 - DATOS DE LONGITUD FIJA--INFORMACIÓN GENERAL
campo de control de longitud fija 020423s1897 sp |||| | spa d
040 ## - FUENTE DE CATALOGACIÓN
Centro catalogador/agencia de origen CAM
Lengua de catalogación spa
Centro/agencia transcriptor CAM
100 1# - ENTRADA PRINCIPAL--NOMBRE DE PERSONA
Nombre de persona Jackson Veyán, José.
9 (RLIN) 65824
245 13 - MENCIÓN DEL TÍTULO
Título El sí natural
Resto del título : zarzuela en un acto /
Mención de responsabilidad, etc. letra de josé Jackson Veyán; música del maestro Chapí.
260 ## - PUBLICACIÓN, DISTRIBUCIÓN, ETC.
Lugar de publicación, distribución, etc. Madrid :
Nombre del editor, distribuidor, etc. [s.n.],
Fecha de publicación, distribución, etc. 1897 (
Fabricante R. Velasco)
300 ## - DESCRIPCIÓN FÍSICA
Extensión 32 p. ;
Dimensiones 20 cm.
500 #1 - NOTA GENERAL
Nota general Representada en el teatro de Apolo, el 11 de febrero de 1897.
596 #1 - NOTA AL PIE DE IMPRENTA
NOTA AL PIE DE IMPRENTA En verso de antep. consta: "... de las Galerías Biblioteca lírico-dramática y Teatro Cómico, de Arregui y Aruej ..."
700 11 - ENTRADA AGREGADA--NOMBRE PERSONAL
Nombre de persona Chapí, Ruperto,
Fechas asociadas al nombre 1851-1909
Término indicativo de función/relación
9 (RLIN) 38014
852 ## - LOCALIZACIÓN
Ubicación ES-MaACL
Número de control de estantería F-4093(3)
Nota libre -- Enc. hol.
condición física -- Falto de la cub. original
Existencias
Estatus retirado Estado de pérdida Estado de daño No para préstamo Colección Biblioteca de origen Biblioteca actual Ubicación en estantería Fecha de adquisición Fuente de adquisición Total de préstamos Signatura topográfica completa Código de barras Visto por última vez Precio de reemplazo Tipo de ítem Koha
        Libros del s. XIX Biblioteca del Ateneo de Madrid Biblioteca del Ateneo de Madrid Depósito 2 17/01/2008     F-4093(3) 1163398 23/02/2023 23/02/2023 Libro impreso antiguo